| 000 | 05252nam a22005537a 4500 | ||
|---|---|---|---|
| 005 | 20101125120831.0 | ||
| 010 | _aB-420524-553 | ||
| 020 |
_c420.00 _a9788174825087 |
||
| 035 | _aB-420524-553 | ||
| 037 | _bUBH | ||
| 082 | _a000 | ||
| 100 |
_aSharma, H. P. _924451 |
||
| 245 |
_aUpkar's national defence academy examination / _cby H. P. Sharma and Yash Srivastava |
||
| 260 |
_aNew Delhi _bUpkar prakashan _c201? |
||
| 300 |
_aVarious paging; _c26cm(pbk) |
||
| 700 |
_aSrivastava, Yash _924452 |
||
| 942 |
_2ddc _cEN _mSHA _h000 |
||
| 999 |
_c35469 _d35469 |
||